Catálogo

Vista normal Vista MARC

Entrada Personal Name

Número de registros utilizados en: 1

001 - CONTROL NUMBER

  • control field: 17030

003 - CONTROL NUMBER IDENTIFIER

  • control field: DNB

005 - DATE AND TIME OF LATEST TRANSACTION

  • control field: 20250507144602.0

008 - FIXED-LENGTH DATA ELEMENTS

  • fixed length control field: 250507|| aca||aabn | a|a d

024 7# - OTHER STANDARD IDENTIFIER

  • Source of number or code: uri
  • Standard number or code: http://d-nb.info/gnd/1056452978

035 ## - SYSTEM CONTROL NUMBER

  • System control number: (DNB)1056452978

035 ## - SYSTEM CONTROL NUMBER

  • System control number: (DE-101)1056452978

035 ## - SYSTEM CONTROL NUMBER

  • System control number: (DE-588)1056452978

040 ## - CATALOGING SOURCE

  • Original cataloging agency: DE-204
  • Language of cataloging: spa
  • Transcribing agency: Mx-PuUPA
  • Modifying agency: 9999
  • Modifying agency: Mx-PuUPA
  • Description conventions: rda
  • Subject heading/thesaurus conventions: rswk

100 1# - HEADING--PERSONAL NAME

  • Personal name: Angelo Hernández, Ovidio S. ˜dœ,
  • Dates associated with a name: 1946-

374 ## - OCCUPATION

  • Occupation: Autor
  • Occupation: Licenciado en Psicología (1973)
  • Occupation: Licenciado en Sociología

375 ## - GENDER

  • Gender: hombre

377 ## - ASSOCIATED LANGUAGE

  • Language code: spa

400 1# - SEE FROM TRACING--PERSONAL NAME

  • Personal name: D'Angelo Hernández, Ovidio S.
  • Dates associated with a name: 1946-

548 ## - SEE ALSO FROM TRACING--CHRONOLOGICAL TERM

  • Chronological term: 1946-
  • Relationship information: Lebensdaten
  • Control subfield: r

678 ## - BIOGRAPHICAL OR HISTORICAL DATA

  • Expansion: geb. La Habana; Psychologe u. Soziologe, auch Studien in Ökonomie u. Philosophie, UNESCO (Menschenrechte)